| Tag |
First Indicator |
Second Indicator |
Subfields |
| LEADER |
00000cam a2200000 a 4500 |
| 001 |
in00000031230 |
| 005 |
20151007060336.0 |
| 008 |
870112s1986 nyu b i00010 eng |
| 010 |
|
|
|a 87103015
|
| 020 |
|
|
|a 9211041856 (pbk.)
|
| 035 |
|
|
|a (OCoLC)13778594
|
| 035 |
|
|
|9 AAC0622AM
|
| 040 |
|
|
|a DLC
|c DLC
|d TXA
|d UtOrBLW
|
| 043 |
|
|
|a d------
|
| 049 |
|
|
|a TXAM
|c [A11683402]
|
| 050 |
0 |
0 |
|a HG3881
|b .U646 1986
|
| 082 |
0 |
|
|a 338.91/09172/4
|2 19
|
| 110 |
2 |
|
|a United Nations.
|b Economic and Social Council.
|b Committee for Development Planning.
|
| 245 |
1 |
0 |
|a Doubling development finance :
|b meeting a global challenge : views and recommendations of the Committee for Development Planning.
|
| 264 |
|
1 |
|a New York :
|b United Nations,
|c 1986.
|
| 300 |
|
|
|a v, 47 pages ;
|c 22 cm.
|
| 336 |
|
|
|a text
|b txt
|2 rdacontent
|
| 337 |
|
|
|a unmediated
|b n
|2 rdamedia
|
| 338 |
|
|
|a volume
|b nc
|2 rdacarrier
|
| 500 |
|
|
|a At head of title: Department of International Economic and Social Affairs.
|
| 500 |
|
|
|a "United Nations publication sales number E.86.II.A. 10"--Verso title page.
|
| 500 |
|
|
|a "ST/ESA/187."
|
| 504 |
|
|
|a Bibliography: page 45.
|
| 650 |
|
0 |
|a International finance.
|
| 650 |
|
0 |
|a International economic relations.
|
| 650 |
|
0 |
|a Economic assistance
|z Developing countries.
|
| 650 |
|
0 |
|a International cooperation.
|
| 710 |
2 |
|
|a United Nations.
|b Department of International Economic and Social Affairs.
|
| 999 |
|
|
|a MARS
|
| 999 |
f |
f |
|s f2c05333-6588-3ff8-8191-5bf4ce6f25bf
|i 0578cf41-61b5-3274-a099-24fb91095b09
|t 0
|
| 952 |
f |
f |
|p ric
|a Texas A&M University
|b Rellis Campus
|c Joint Library Facility
|d Remote Storage
|t 0
|e HG3881 .U646 1986
|h Library of Congress classification
|i unmediated -- volume
|m A14811683402
|
| 998 |
f |
f |
|a HG3881 .U646 1986
|t 0
|l Remote Storage
|